| 000 | 00813cam a22002534a 4500 | ||
|---|---|---|---|
| 999 |
_c107648 _d107648 |
||
| 001 | 16776032 | ||
| 005 | 20180922085213.0 | ||
| 008 | 110512s2011 njua b 001 0 eng | ||
| 020 | _a9781592218615 | ||
| 020 | _a159221861X | ||
| 020 | _a9781592218622 (pbk.) | ||
| 020 | _a1592218628 (pbk.) | ||
| 040 | _cPK-LaUMT | ||
| 082 | 0 | 0 |
_a306.87430967 _223 _bGEN- |
| 245 | 0 | 0 |
_aGender, sexuality and mothering in Africa / _cedited by Toyin Falola and Bessie House-Soremekun |
| 260 |
_aTrenton, NJ : _bAfrica World Press, _c2011 |
||
| 300 |
_axxix, 329 p. : _bill. ; _c22 cm. |
||
| 650 | 0 |
_aWomen _zAfrica _xSocial conditions. _zWomen _zAfrica _xSocial conditions. |
|
| 650 | 0 |
_aSex role _zAfrica. |
|
| 650 | 0 |
_aMotherhood _zAfrica. |
|
| 700 | 1 | _aFalola, Toyin. | |
| 700 | 1 | _aHouse-Soremekun, Bessie, | |
| 942 | _cBK | ||